Du lịch ba miền : Đất phương Nam. t. I /
Wedi'i Gadw mewn:
| Prif Awdur: | |
|---|---|
| Fformat: | Sách giấy |
| Iaith: | Vietnamese |
| Cyhoeddwyd: |
TP.HCM :
Trẻ ,
1998
|
| Pynciau: | |
| Tagiau: |
Ychwanegu Tag
Dim Tagiau, Byddwch y cyntaf i dagio'r cofnod hwn!
|
| Thư viện lưu trữ: | Thư viện Trường Đại học Đà Lạt |
|---|
| LEADER | 00684nam a2200277 4500 | ||
|---|---|---|---|
| 001 | DLU020013079 | ||
| 005 | ##6/6/2000 | ||
| 020 | # | # | |a 978- |
| 041 | # | # | |a vie |
| 082 | # | # | |a 915.97 |b BU-N |
| 090 | # | # | |a 915.97 |b BU-N |
| 100 | # | # | |a Bửu Ngôn |
| 245 | # | # | |a Du lịch ba miền : |b Đất phương Nam. |n t. I / |c Bửu Ngôn |
| 260 | # | # | |a TP.HCM : |b Trẻ , |c 1998 |
| 300 | # | # | |a 175 tr.; |c 19 cm. |
| 651 | # | # | |a Việt Nam |x Mô tả và du lịch. |
| 651 | # | # | |a Việt Nam |x Sách hướng dẫn. |
| 992 | # | # | |a 18000 |
| 994 | # | # | |a DLU |
| 900 | # | # | |a False |
| 911 | # | # | |a Administrator |
| 925 | # | # | |a G |
| 926 | # | # | |a A |
| 927 | # | # | |a SH |
| 980 | # | # | |a Thư viện Trường Đại học Đà Lạt |